[Event "GCT Cote d Ivoire Blitz 2019"]
[Site "Abidjan"]
[Date "2019.05.11"]
[Round "2"]
[White "Wei, Yi"]
[Black "Karjakin, Sergey"]
[Result "1/2-1/2"]
[WhiteElo "2737"]
[BlackElo "2773"]
[Annotator "TA"]
[PlyCount "43"]
[EventDate "2019.05.05"]
[EventType "tourn"]
[EventCountry "IVO"]
[SourceTitle "playchess.com"]
[Source "ChessBase"]
[SourceQuality "1"]

{[%evp 12,43,6,8,12,14,10,0,9,10,10,6,42,21,18,18,30,45,57,50,29,0,0,0,2,-244,-250,-231,0,0,0,-238,0,0]} 1. d4 Nf6 2. c4 e6 3. g3 Bb4+ 4. Nd2 c5 5. a3 Bxd2+ 6. Qxd2 cxd4 7. Nf3 d5 {E00: Catalan Bogo-Indian (3 g3 Bb4+)} (7... b6 8. Bg2 Bb7 9. O-O Bxf3 10. exf3 Nc6 11. f4 O-O 12. b4 Rc8 13. Bb2 d6 14. Bxc6 Rxc6 15. Qxd4 Qc7 16. Rfc1 Rc8 17. b5 Rc5 18. a4 Ne8 19. Qe3 Qb7 20. Qd3 Qc7 21. Qe3 Qb7 22. Qd3 Qc7 23. Qe3 {½-½ (23) Wei,Y (2696)-Karjakin,S (2773) Bilbao 2016}) 8. cxd5 e5 {[%mdl 64] [#] Decoy} 9. Nxe5 {Hoping for Bg2.} (9. Bg2 Qxd5 10. Qg5 O-O 11. Qxe5 Nc6 12. Qxd5 Nxd5 13. O-O Re8 14. Rd1 Rxe2 15. Nxd4 Nxd4 16. Bxd5 {½-½ (25) Matlakov,M (2700)-Karjakin,S (2753) St Petersburg 2018}) 9... Qxd5 {[%mdl 64] Double Attack} 10. Nf3 Nc6 11. Bg2 Bf5 $146 ({Predecessor:} 11... O-O 12. O-O Bg4 13. b4 Rad8 14. Bb2 Qh5 15. Nxd4 Nxd4 {½-½ (15) Juhasz,L (2206)-Kunze,H (2265) Germany 2004}) 12. O-O O-O 13. b4 Rfe8 14. Bb2 {[%cal Rf3d4]} Be4 15. Rfd1 {[%cal Rb2d4]} Rad8 16. Qf4 h6 17. Rac1 Qb3 18. Rd2 $2 (18. Qd2 $11) 18... Nd5 $19 19. Qg4 Nf6 20. Qf4 {[%cal Rf3d4]} Nd5 21. Qg4 {[#]} Nf6 $2 (21... Ne3 $1 $19 {[%cal Re3g4][%mdl 512]} 22. Qh4 (22. fxe3 Qxe3+) 22... Nc2) 22. Qf4 {Accuracy: White = 56%, Black = 68%.} 1/2-1/2

[Event "GCT Cote d Ivoire Blitz 2019"]
[Site "Abidjan"]
[Date "2019.05.11"]
[Round "3"]
[White "Vachier-Lagrave, Maxime"]
[Black "Nakamura, Hikaru"]
[Result "1-0"]
[WhiteElo "2792"]
[BlackElo "2805"]
[Annotator "TA"]
[PlyCount "196"]
[EventDate "2019.05.05"]
[EventType "tourn"]
[EventCountry "IVO"]
[SourceTitle "playchess.com"]
[Source "ChessBase"]
[SourceQuality "1"]

{[%evp 18,196,20,0,20,6,11,12,11,13,26,0,8,0,0,0,0,-8,-13,0,-8,0,7,10,14,14,16,16,17,17,23,16,122,125,123,118,199,197,235,237,205,187,187,186,186,186,184,184,232,232,224,213,279,279,287,286,286,283,254,213,218,210,198,173,183,95,82,25,25,24,48,24,25,25,25,25,25,25,24,24,266,266,278,254,278,278,278,278,278,18,18,8,17,0,18,11,12,12,24,24,158,158,1167,1160,1160,1160,1160,1153,1153,8,1153,1138,1131,1124,1124,1082,1174,173,1149,1116,1100,1100,1050,1038,829,700,4156,4151,3695,2549,4156,4156,4156,4156,688,660,4163,4163,12843,4156,4156,4156,4163,4101,2549,300,285,285,4156,4156,4156,4156,4156,4156,4156,4156,4156,4156,4156,4156,4156,4156,1079,1079,4156,4156,4056,319,4178,4164,4178,4178,4164,4156,4156,4156,4137,4137,29988,29989,29989]} 1. e4 e5 2. Nf3 Nc6 3. Bb5 Nf6 4. O-O Nxe4 5. d4 Nd6 6. Bxc6 dxc6 7. dxe5 Nf5 8. Qxd8+ Kxd8 9. h3 Ke8 10. Nc3 h5 {C67: Ruy Lopez: Berlin Defence: 4 0-0 Nxe4} 11. Bf4 Be7 12. Rad1 Be6 {The position is equal.} 13. Ng5 Rh6 14. Rfe1 Bb4 15. a3 Bxc3 16. bxc3 h4 17. Ne4 Rg6 18. g4 hxg3 $1 19. fxg3 {[#]} Ne7 $146 20. h4 Nd5 21. Bg5 $1 $36 {[%mdl 2048] White is pushing.} Bf5 $1 {[%cal Rf5e4]} 22. h5 Nxc3 $1 23. hxg6 Nxd1 24. Kg2 {Nc5 is the strong threat.} Bxg6 (24... fxg6 $11 {keeps the balance.} 25. e6 Kf8) 25. Nc5 $1 $16 b6 26. Na6 Rc8 (26... Ne3+ $16 27. Bxe3 (27. Rxe3 Kd7 $16) 27... Rc8) 27. Rxd1 $18 Bxc2 {[#]} 28. Nxc7+ $1 {[%mdl 512]} Kf8 (28... Rxc7 29. Rd8#) 29. Rd8+ Rxd8 30. Bxd8 Bd3 31. Kf3 Bc4 32. g4 Bf1 33. g5 Bd3 34. Ke3 Bf1 35. g6 Bh3 36. gxf7 Kxf7 37. Bg5 Bc8 38. Kd4 Bd7 39. Ke4 Bc8 40. Kf4 Bd7 41. Na6 ({Better is} 41. Bh4 $18) 41... Ke6 $16 42. Ke4 (42. Nb4 $16) 42... Bc8 $1 $11 {[%cal Rc8a6]} 43. Nb4 c5 44. Na2 (44. Nd3 {seems wilder.} Bb7+ 45. Kf4 Bc8 46. Bd8 Kd5 47. Bc7) 44... Bb7+ 45. Kf4 b5 $1 46. Nc1 Kd5 47. Be7 {Hoping for Nd3.} a5 48. Nb3 c4 $2 (48... b4 $11 {and Black has nothing to worry.}) 49. Nxa5 $18 Bc8 50. Bb4 g5+ 51. Kxg5 Kxe5 52. Nc6+ Ke4 53. Kf6 $2 (53. Be1 $1 $18) 53... Kd3 $1 $11 54. Ne5+ Kd4 55. Nc6+ Kd3 56. Ke5 c3 {White must now prevent ...c2.} 57. Nd4 c2 58. Nb3 {Threatens to win with Nc1+.} Kc4 {[#]} (58... Ke2 $1 $11) 59. Nc1 $1 $16 Bg4 $2 (59... Bb7 $16 60. Kf5 Kd4) 60. Kf4 Bh5 61. Ke3 Bg6 62. Kd2 Bf5 63. Ne2 $2 (63. Bd6 $18 {And now Be7 would win.} Kd5 64. Be7) 63... Bg6 $2 {[%mdl 8192]} (63... Kb3 $11) 64. Kc1 Bd3 65. Nf4 Bf5 66. Ng2 Bg6 67. Ne3+ $2 (67. Kb2 Be4 68. Nf4) 67... Kd4 $2 (67... Kb3 68. Nf1 Kc4 69. Nd2+ Kd4 70. Nb3+ Kd3) 68. Ng4 Bf5 69. Nf6 Ke5 70. Ne8 Kd5 71. Kb2 Kc6 72. Ng7 Be4 73. Bd2 Kd6 74. Kc3 Bg6 75. Kd4 Ke7 {[#]} 76. Ke5 $1 Bh7 77. Ne6 Kd7 78. Nd4 (78. Nf8+ $142 Kc6 79. Nxh7) 78... Bd3 79. Kd5 Bc4+ 80. Kc5 Bd3 81. Kb4 Kd6 82. Kc3 Bg6 $2 (82... Bf1 83. Nxc2 Ke5) 83. Nxb5+ $18 Kc5 84. a4 {[%cal Ba3a4,Ba4a5][%mdl 32]} Kb6 85. Kb4 Ka6 86. a5 Be4 87. Nc7+ Kb7 88. Ne6 Bf5 89. Nc5+ Kc6 90. Be3 Bh7 91. Nb3 Kb7 92. Bf4 $2 (92. Ka4 Bf5 93. Nc5+ Kc6 94. Na6) 92... Ka6 $2 (92... Bf5 93. Be3 Bh7) 93. Nc5+ Ka7 94. Kb5 Bf5 95. a6 Bh3 96. Ka5 Bf1 97. Be3 {Intending Ne6+ and mate.} Be2 98. Ne6+ Kb8 {Accuracy: White = 67%, Black = 29%.} 1-0

[Event "GCT Cote d Ivoire Blitz 2019"]
[Site "Abidjan"]
[Date "2019.05.11"]
[Round "3"]
[White "Ding, Liren"]
[Black "Carlsen, Magnus"]
[Result "1/2-1/2"]
[WhiteElo "2786"]
[BlackElo "2867"]
[Annotator "TA"]
[PlyCount "99"]
[EventDate "2019.05.05"]
[EventType "tourn"]
[EventCountry "IVO"]
[SourceTitle "playchess.com"]
[Source "ChessBase"]
[SourceQuality "1"]

{[%evp 15,99,36,22,23,36,31,37,39,29,28,14,33,36,34,38,38,47,22,41,29,35,11,8,21,35,0,0,0,0,0,0,0,0,0,0,0,0,-7,0,-2,0,-2,0,0,0,-31,-7,-31,0,-31,-8,-30,-8,-8,0,-31,-31,-31,-7,-7,0,-2,-2,-2,0,-2,0,-2,0,-2,0,0,0,-30,-30,-30,-30,-30,-6,-6,0,0,0,-6,0,0]} 1. d4 d5 2. c4 e6 3. Nc3 Bb4 4. Nf3 Nf6 5. Bg5 dxc4 6. e4 h6 7. Bxf6 Qxf6 8. Bxc4 c5 9. O-O {And now Nb5 would win. D39: Queen's Gambit Declined: Ragozin Defence with 5 Bg5 dxc4} cxd4 10. Nb5 {[#] Nc7+ is the strong threat.} (10. e5 Qd8 11. Ne4 O-O 12. Qe2 Be7 13. Rad1 Qc7 14. Bd3 Nd7 15. Rc1 Qa5 16. g4 Nxe5 17. Nxe5 Qxe5 {0-1 (38) Aronian,L (2794)-Caruana,F (2784) Berlin 2018}) 10... Qe7 11. Qxd4 {White is slightly better.} O-O 12. Nxa7 Bc5 13. Nxc8 Rxc8 14. Qd3 Nc6 15. Qe2 Rd8 16. Rad1 {[#]} Qf6 $146 ({Predecessor:} 16... Nd4 17. Nxd4 Rxd4 18. Rxd4 Bxd4 {½-½ (31) Moranda,W (2572)-Gajewski,G (2568) Katowice 2010}) 17. e5 Qe7 18. Qe4 Rxd1 19. Rxd1 Rd8 20. Rxd8+ (20. Rd3 {keeps more tension.} Bb6 21. Rxd8+ Qxd8 22. Bd3 g6 23. g3) 20... Qxd8 21. g3 Qb6 22. Qe2 Nd4 23. Nxd4 Bxd4 24. b3 Qc5 25. a4 Bxe5 26. Kg2 Bd4 27. h4 g6 28. f4 Kg7 29. Qe4 b6 30. Qf3 (30. h5 $5 gxh5 {[#]} 31. f5 $1 $11 {[%mdl 512]}) 30... Bf6 31. Qe4 Qa3 32. Qe2 (32. h5 $5) 32... Qa1 33. Qf1 Qd4 34. Qd3 Qc5 35. Qd7 Kf8 36. Qd3 Ke7 37. Bb5 g5 38. hxg5 hxg5 39. Qc4 Qd6 40. Qd3 Qc7 41. Qc4 Qd6 42. Qd3 Qa3 43. f5 Qb2+ 44. Kf3 exf5 45. Qxf5 Qxb3+ 46. Qd3 Qe6 47. Qa3+ {The position is equal.} Kd8 48. Qd3+ Ke7 49. Qa3+ Kd8 50. Qd3+ {Accuracy: White = 72%, Black = 50%.} 1/2-1/2

[Event "GCT Cote d Ivoire Blitz 2019"]
[Site "Abidjan"]
[Date "2019.05.11"]
[Round "3"]
[White "Karjakin, Sergey"]
[Black "Nepomniachtchi, Ian"]
[Result "1-0"]
[WhiteElo "2773"]
[BlackElo "2776"]
[Annotator "TA"]
[PlyCount "85"]
[EventDate "2019.05.05"]
[EventType "tourn"]
[EventCountry "IVO"]
[SourceTitle "playchess.com"]
[Source "ChessBase"]
[SourceQuality "1"]

{[%evp 13,85,0,17,-12,-15,-10,-3,-5,-6,-54,-43,-47,-63,-54,0,-9,-2,-20,-20,-92,-61,-68,-60,-67,-72,-76,-79,-94,-27,-195,-120,-119,-122,-127,-5,-154,-156,-128,-138,-356,-353,-335,-277,-262,-201,-235,-222,-293,-296,-391,-368,-592,-592,-765,-758,-750,1932,1935,29980,922,900,868,1885,1399,29981,29982,29982,29983,29976,2266,2088,1503,1175,1142]} 1. d4 Nf6 2. Nf3 g6 3. Bf4 Bg7 4. e3 O-O 5. h3 d6 6. Nbd2 Nbd7 7. c3 Re8 8. Bh2 {A48: 1 d4 Nf6 2 Nf3 g6: Torre, London and Colle Systems} e5 9. dxe5 Nxe5 10. Nxe5 {The position is equal.} dxe5 11. Nc4 (11. Nf3 Nd7 12. Be2 Qe7 13. O-O a5 14. Qa4 {1-0 (69) Zhou,W (2627)-Lou,Y (2453) China 2015}) 11... Nd7 12. Be2 Qe7 13. O-O Nb6 $146 ({Predecessor:} 13... Nc5 14. b4 Rd8 15. Qc1 Nd3 16. Bxd3 Rxd3 {0-1 (39) Licha,M (1995)-Kroneder,H (2030) Germany 1995}) 14. Qc2 Be6 15. Nxb6 axb6 16. e4 (16. a4 $11 {keeps the balance.}) 16... Bxa2 17. b3 Qa3 18. Bd1 Red8 19. Bg3 Bh6 20. c4 f6 ({Black should try} 20... Qa5 $17 21. b4 Qa6 22. Bxe5 Qxc4) 21. Bh4 $2 (21. f4 $1 $11 {and White has nothing to worry.}) 21... Rd2 (21... Kg7 $1 $19 22. Qc3 Bf4) 22. Qc3 $17 Qd6 $36 {[%mdl 2048] White is under strong pressure.} 23. Bg4 Ra3 (23... Kf7 $17 {Strongly threatening ...Ra3.} 24. Rfd1 Rd8) 24. Rfd1 (24. f4 $1 $11 f5 25. Be1 Bxf4 26. Rxf4) 24... Bxb3 {[%cal Rd2d1]} ({Worse is} 24... Rxb3 25. Rxd2 Bxd2 26. Qc2 $18) 25. Rxa3 Bxd1 {[#]} 26. Bxd1 $2 (26. c5 $1 $17 {[%mdl 512]} Qxc5 (26... bxc5 27. Qc4+) 27. Be6+ Kg7 {[#]} 28. Ra8 $1 {[%mdl 512]}) 26... Rxd1+ $19 27. Kh2 Rc1 28. Qf3 Bg7 29. Rd3 Qe7 30. Rd2 h5 ({But not} 30... Rxc4 31. Qd1 $19) 31. Qb3 Kh7 32. g4 $2 (32. Qb2 Rxc4 33. f3) 32... g5 33. gxh5 gxh4 34. Qf3 Bh6 $4 {[%mdl 8192]} (34... Qe6 $19 35. Qg2 f5) 35. Qf5+ $18 Kg8 36. Rd7 (36. Qg6+ $142 Kh8 37. Qxh6+ Kg8 38. Qg6+ Kf8 39. h6 Rd1 40. Rxd1 Qf7 41. Qf5) 36... Bf4+ 37. Kg2 Qxd7 38. Qxd7 {KQ-KRB} c6 39. Qe8+ Kg7 40. Qg6+ Kf8 41. Qxf6+ (41. h6 $142 Bxh6 42. Qxh6+ {[%mdl 64] Double Attack} Kf7 43. Qxc1 Ke6 44. Qh6 Ke7 45. Qg7+ Kd6 46. Qxf6+ Kc5 47. Qxe5+ Kb4 48. Qd6+ Kxc4 49. e5) 41... Ke8 42. h6 Bxh6 43. Qxh6 {Accuracy: White = 30%, Black = 51%.} 1-0

[Event "GCT Cote d Ivoire Blitz 2019"]
[Site "Abidjan"]
[Date "2019.05.11"]
[Round "3"]
[White "Topalov, Veselin"]
[Black "So, Wesley"]
[Result "1/2-1/2"]
[WhiteElo "2736"]
[BlackElo "2772"]
[Annotator "TA"]
[PlyCount "60"]
[EventDate "2019.05.05"]
[EventType "tourn"]
[EventCountry "IVO"]
[SourceTitle "playchess.com"]
[Source "ChessBase"]
[SourceQuality "1"]

{[%evp 9,60,-2,9,7,14,14,18,13,19,16,25,-4,-11,-12,-10,-8,11,-10,9,21,65,45,66,38,53,23,27,23,27,0,10,0,15,-83,-89,-66,-76,-35,-39,-41,0,0,0,0,0,0,0,0,0,0,0,0,0]} 1. c4 e5 2. d3 Nc6 (2... Nf6 3. Nf3 Bb4+ 4. Nbd2 Qe7 5. a3 Bxd2+ 6. Bxd2 a5 7. Bc3 Nc6 8. b3 d5 9. cxd5 Nxd5 10. Bb2 Bg4 {½-½ (57) Le,Q (2714)-Saric,I (2695) St Petersburg 2018}) 3. a3 g6 4. b4 Bg7 5. Bb2 d6 6. Nf3 {A20: English Opening: 1...e5} f5 7. e3 Nf6 8. Be2 $146 ({Predecessor:} 8. Nbd2 O-O 9. Be2 h6 10. O-O {0-1 (85) Yeletsky,I (2209)-Vavulin,M (2393) Kolomna 2014}) 8... O-O 9. Nc3 Ne7 10. d4 e4 11. Nd2 d5 12. b5 Be6 13. a4 Rf7 14. O-O g5 15. Ba3 Ng6 16. Rc1 c6 17. bxc6 bxc6 18. cxd5 cxd5 19. Nb3 f4 20. Nc5 Bf5 21. g3 (21. Qb3 $11 {remains equal.}) 21... f3 $17 22. Ba6 Bc8 {[#] aiming for ...Bxa6.} 23. Bb5 a6 24. Bc6 Rb8 25. Rb1 {The position is equal.} Rxb1 26. Qxb1 Ne7 $1 {[%cal Re7c6]} 27. Bb7 Ng6 {[#] ...Bxb7 is the strong threat.} 28. Bc6 Ne7 $1 {[%cal Re7c6]} 29. Bb7 Ng6 {Strongly threatening ...Bxb7.} 30. Bc6 Ne7 $1 {Accuracy: White = 54%, Black = 67%.} 1/2-1/2

[Event "GCT Cote d Ivoire Blitz 2019"]
[Site "Abidjan"]
[Date "2019.05.11"]
[Round "3"]
[White "Amin, Bassem"]
[Black "Wei, Yi"]
[Result "0-1"]
[WhiteElo "2683"]
[BlackElo "2737"]
[Annotator "TA"]
[PlyCount "78"]
[EventDate "2019.05.05"]
[EventType "tourn"]
[EventCountry "IVO"]
[SourceTitle "playchess.com"]
[Source "ChessBase"]
[SourceQuality "1"]

{[%evp 11,86,12,23,23,27,25,26,20,17,0,0,0,0,-38,-52,-31,-8,-15,17,-62,-81,-73,0,0,31,28,70,105,74,0,5,0,0,0,0,0,0,0,0,0,0,0,41,39,45,0,0,16,369,357,372,158,278,297,383,361,353,291,289,-705,-698,-1059,-1048,-1596,-1033,-985,-984,-945,-772,-728,-667,-692,-651,-948,-924,-875,-758]} 1. e4 c5 2. Nf3 Nc6 3. Bb5 g6 4. Bxc6 dxc6 5. d3 Bg7 6. h3 e5 7. a4 {B31: Sicilian: 2...Nc6 3 Bb5 g6} (7. a3 a5 8. Be3 Qe7 9. Nbd2 Nf6 10. Nc4 Nd7 11. a4 b6 12. Qd2 Ba6 13. Bh6 Bxh6 14. Qxh6 Bxc4 15. dxc4 O-O-O 16. O-O-O Nf6 17. Qg5 Rxd1+ 18. Rxd1 Re8 19. Qe3 h5 20. Ng5 Nd7 21. Nf3 {½-½ (21) Quesada Perez,Y (2619)-Cori Tello,J (2657) Saint Louis 2017}) 7... a5 8. Be3 b6 9. Na3 {White has an edge.} Qc7 10. c3 $146 ({Predecessor:} 10. Nc4 Ne7 11. b4 axb4 12. a5 bxa5 13. Bxc5 Qb8 14. Nfd2 Be6 {1-0 (33) Silber,K (2033)-Von Estorff,J (1937) Walldorf 2017}) 10... Nf6 11. Nc4 Nd7 12. d4 Ba6 13. Ncxe5 Nxe5 14. dxe5 O-O 15. Qb3 (15. Qd6 $11 Qc8 16. O-O-O) 15... Bd3 $15 16. O-O-O c4 ({Better is} 16... Bxe4 $17 17. Rhe1 Bxf3 18. gxf3 Bxe5) 17. Qxb6 $11 Qd7 18. Qd4 Qc8 19. Rxd3 cxd3 {[#]} 20. Qxd3 (20. Qc4 $1 $16) 20... Qe6 21. Nd4 Qa2 22. Nxc6 Qa1+ 23. Qb1 Qxa4 24. Ne7+ Kh8 25. Nd5 {Strongly threatening Nb6.} Rab8 $1 26. f4 Rb3 27. Rd1 Rfb8 28. Rd2 (28. Nb6 $5 {[%cal Rb6a4]} Qe8 29. Rd6 $14) 28... Bf8 29. Bd4 {Hoping for e6+.} Ba3 $2 {[%mdl 8192]} (29... Bg7 $11 {and Black is okay.}) 30. e6+ $1 $18 f6 31. Bxf6+ Kg8 {Threatens to win with ...Rxb2.} 32. Qc2 Qc4 {[#]} 33. Qd3 $1 {[%cal Rd3c4]} ({But not} 33. bxa3 $2 Rb1+ 34. Qxb1 Qf1+ 35. Rd1 Rxb1+ 36. Kxb1 Qxd1+ 37. Kb2 Qe2+ 38. Kb3 Qxe4 $19) 33... Qxd3 34. Rxd3 Rxb2 35. Kd1 $4 {[%mdl 8192]} (35. c4 $18 Ra2+ 36. Rxa3 Rxa3 37. Be5) 35... Rxg2 $19 {[%cal Rb8b1] Black is clearly winning.} 36. Nb6 Rxb6 {[%cal Rb6b1]} 37. Rd8+ Bf8 {[%cal Rb6b1]} 38. Kc1 Rxe6 39. e5 {[#]} Rc6 {Played: Re6xf6} 0-1

[Event "GCT Cote d Ivoire Blitz 2019"]
[Site "Abidjan"]
[Date "2019.05.11"]
[Round "4"]
[White "Carlsen, Magnus"]
[Black "Topalov, Veselin"]
[Result "1-0"]
[WhiteElo "2867"]
[BlackElo "2736"]
[Annotator "ChessBase"]
[PlyCount "53"]
[EventDate "2019.05.05"]
[EventType "tourn"]
[EventCountry "IVO"]
[SourceTitle "playchess.com"]
[Source "ChessBase"]
[SourceQuality "1"]
[TimeMode "Bronstein"]
[TimeControl "300+3"]

1. c4 {[%emt 0:00:00]} Nf6 {[%emt 0:00:00]} 2. Nc3 {[%emt 0:00:00]} e5 {[%emt 0:00:00]} 3. Nf3 {[%emt 0:00:00]} Nc6 {[%emt 0:00:00]} 4. g3 {[%emt 0:00:00]} d5 {[%emt 0:00:00]} 5. cxd5 {[%emt 0:00:00]} Nxd5 {[%emt 0:00:00]} 6. Bg2 {[%emt 0:00:00]} Nb6 {[%emt 0:00:00]} 7. O-O {[%emt 0:00:00]} Be7 {[%emt 0:00:00]} 8. a3 {[%emt 0:00:00]} Be6 {[%emt 0:00:00]} 9. b4 {[%emt 0:00:02]} O-O {[%emt 0:00:00]} 10. Rb1 {[%emt 0:00:03]} f6 {[%emt 0:00:00]} 11. b5 {[%emt 0:00:03]} Nd4 {[%emt 0:00:01]} 12. e3 {[%emt 0:00:03]} Nxf3+ {[%emt 0:00:01]} 13. Bxf3 {[%emt 0:00:03]} Rb8 {[%emt 0:00:03]} 14. d4 {[%emt 0:00:05]} Bd6 {[%emt 0:00:19]} 15. a4 {[%emt 0:00:09]} exd4 {[%emt 0:00:15]} 16. exd4 {[%emt 0:00:03]} Bf7 {[%emt 0:00:03]} 17. Qc2 {[%emt 0:00:32]} Kh8 {[%emt 0:00:35]} 18. a5 {[%emt 0:00:33]} Nc4 {[%emt 0:00:03]} 19. a6 {[%emt 0:00:03]} bxa6 {[%emt 0:00:04]} 20. bxa6 {[%emt 0:00:03]} Qd7 {[%emt 0:00:16]} 21. Rb7 {[%emt 0:00:25]} Rxb7 {[%emt 0:00:21]} 22. axb7 {[%emt 0:00:03]} c6 {[%emt 0:00:03]} 23. Ne4 {[%emt 0:00:04]} Be7 {[%emt 0:00:19]} 24. Be2 {[%emt 0:00:14]} Na5 {[%emt 0:00:03]} 25. Nc5 {[%emt 0:00:03]} Bxc5 {[%emt 0:00:03]} 26. Qxc5 {[%emt 0:00:03]} Qe8 {[%emt 0:00:14]} 27. b8=Q {[%emt 0:00:29]} 1-0

[Event "GCT Cote d Ivoire Blitz 2019"]
[Site "Abidjan"]
[Date "2019.05.11"]
[Round "4"]
[White "Nakamura, Hikaru"]
[Black "Ding, Liren"]
[Result "1-0"]
[WhiteElo "2805"]
[BlackElo "2786"]
[Annotator "TA"]
[PlyCount "95"]
[EventDate "2019.05.05"]
[EventType "tourn"]
[EventCountry "IVO"]
[SourceTitle "playchess.com"]
[Source "ChessBase"]
[SourceQuality "1"]

{[%evp 12,95,13,0,10,0,0,11,3,6,0,-8,14,3,51,52,58,42,74,0,33,16,46,41,46,47,58,54,64,51,65,54,125,118,143,155,168,168,166,175,187,202,204,187,188,185,197,197,197,196,187,188,194,193,210,208,204,203,217,199,226,223,211,185,204,199,225,225,278,278,287,278,284,278,302,296,278,278,475,468,778,757,751,738,657,645]} 1. Nf3 d5 2. e3 Nf6 3. c4 e6 4. b3 c5 5. Bb2 Nc6 6. cxd5 exd5 7. Be2 d4 {A13: English Opening: 1...e6} 8. Bb5 (8. exd4 cxd4 9. Bb5 Qe7+ 10. Qe2 Qxe2+ 11. Kxe2 Bd7 12. Re1 O-O-O 13. Kf1 a6 14. Bxc6 Bxc6 15. Nxd4 Be4 16. Nf3 Bxf3 17. gxf3 Bd6 18. Bxf6 {½-½ (18) Dubov,D (2703)-Aronian,L (2765) St Petersburg 2018}) 8... Bd6 9. O-O {[%cal Re3d4]} O-O {The position is equal.} 10. Bxc6 bxc6 11. h3 $146 ({Predecessor:} 11. exd4 cxd4 12. Bxd4 Bg4 13. h3 Bh5 14. Nc3 Re8 15. d3 {½-½ (24) Mons,L (2500)-Dragnev,V (2466) Germany 2018}) 11... Rb8 12. Na3 dxe3 13. dxe3 Ba6 14. Re1 Nd5 15. Nd2 (15. Qc1 $16) 15... Nb4 16. Ndc4 Be7 17. Qg4 {[%csl Gb2][%cal Rg4g7]} f6 18. Red1 $40 {[%mdl 128] Black needs to defend precisely.} Qe8 $1 19. Bc3 (19. Rd7 Bc8 $17) 19... Bc8 20. Qe4 Nd5 21. Bb2 Qh5 {[#]} (21... Qd7 $14) 22. Na5 $1 $16 {[%cal Ra5c6]} Rb4 {[#]} 23. N3c4 $1 Bf5 24. Rxd5 cxd5 25. Qxd5+ ({But not} 25. Qxe7 dxc4 26. Qxc5 Rbb8 $16) 25... Kh8 26. Nc6 $1 {[%csl LRa7,LRb4,LRe7][%mdl 64] Double Attack} Rb7 {aiming for ...Rd7.} 27. Nxe7 Rxe7 28. Qxc5 Ree8 29. Nd6 {[%mdl 64] Double Attack} ({Less strong is} 29. Qxa7 Qg6 $14) 29... Bg6 30. Qxh5 ({Don't take} 30. Qxa7 $6 Rd8 $16) 30... Bxh5 31. Nxe8 Rxe8 $18 {[%mdl 4096] Endgame KRB-KRB} 32. Rc1 a6 33. Bd4 Kg8 34. f3 Bf7 35. g4 a5 36. Rc5 Ra8 37. Rb5 h6 38. a4 {[%cal Ba2a4,Ba4a5,Ba5a6,Ba6a7][%mdl 32]} Rc8 39. Kf2 Rc1 40. Rxa5 Bxb3 41. Ra8+ Kh7 42. a5 Rc2+ 43. Kg3 {Threatens to win with a6.} Bd5 44. Ra7 Kg8 $2 (44... Rc6 45. h4 Bc4) 45. a6 {White is clearly winning.} Ra2 (45... Rc8 $142 46. Rd7 Bc6) 46. Rd7 Bc6 47. Rd8+ Kf7 48. a7 {Accuracy: White = 75%, Black = 37%.} 1-0

[Event "GCT Cote d Ivoire Blitz 2019"]
[Site "Abidjan"]
[Date "2019.05.11"]
[Round "4"]
[White "So, Wesley"]
[Black "Karjakin, Sergey"]
[Result "1/2-1/2"]
[WhiteElo "2772"]
[BlackElo "2773"]
[Annotator "TA"]
[PlyCount "69"]
[EventDate "2019.05.05"]
[EventType "tourn"]
[EventCountry "IVO"]
[SourceTitle "playchess.com"]
[Source "ChessBase"]
[SourceQuality "1"]

{[%evp 10,69,26,8,27,24,29,29,25,11,15,18,16,0,15,20,17,18,22,21,28,18,18,17,33,22,21,15,30,25,12,-16,24,29,26,26,37,0,0,0,0,-20,0,-8,-16,-37,-60,-51,-54,-53,-66,-47,-33,-41,0,0,0,0,0,-20,0,0]} 1. e4 c5 2. Nf3 d6 3. d4 cxd4 4. Nxd4 Nf6 5. Nc3 a6 6. Bd3 Nbd7 {B90: Sicilian Najdorf: Unusual White 6th moves, 6 Be3 Ng4 and 6 Be3 e5} (6... g6 7. f3 Bg7 8. Be3 Nc6 9. Qd2 Nxd4 10. Bxd4 Be6 11. g4 b5 12. h4 Qa5 13. a3 h6 14. O-O-O Rb8 15. g5 Nh5 16. Bxg7 Nxg7 17. gxh6 {½-½ (41) Anand,V (2779)-Navara,D (2739) Shamkir 2019}) 7. O-O g6 8. Be3 Bg7 {White has an edge.} 9. f3 O-O 10. Qd2 Ne5 11. Rfd1 Bd7 $146 ({Predecessor:} 11... Be6 12. Nxe6 fxe6 {½-½ (30) Zhao,P (2180)-Jepson,C (2365) Copenhagen 2007}) 12. a4 Rc8 13. a5 Qc7 14. Bf1 Nc4 15. Bxc4 $1 Qxc4 16. Nde2 Rfe8 17. Bd4 Qc7 18. Kh1 Qb8 19. Nd5 Nxd5 20. exd5 Qc7 21. Bxg7 Kxg7 22. Rac1 Kg8 23. Re1 ({White should try} 23. b3 $14) 23... b6 $11 24. axb6 Qxb6 25. b3 Rc5 26. Ng3 Qa5 27. Rcd1 {[#] Threatens to win with b4.} Qxd2 28. Rxd2 a5 29. Ne4 Rc7 30. Ra1 Ra8 (30... f5 {with more complications.} 31. Nf2 Ra8 32. g4 Kf7 33. Kg2 a4) 31. Kg1 Bf5 32. Kf2 {The position is equal.} Rca7 33. Nc3 Rc7 34. Ne4 Rca7 35. Nc3 {Accuracy: White = 54%, Black = 61%.} 1/2-1/2